Najszybciej wyludniające się miasta w Polsce - Statystyki

Ogólne statystyki
  • Ten quiz został rozwiązany 25 razy
  • Średni wynik to 6 z 10
Statystyki odpowiedzi
Wskazówka Utrata ludności Miasto % Poprawnych
"Piekielne" miasto na mierzei straciło sporo ludzkich mieszkańców, ale czy foczych też? -34,6% Hel
100%
Miasto w geometrycznym środku Polski, nazwane od dnia tygodnia -23,8% Piątek
95%
Może jest tam molo, latarnia morska i plaża, a jednak ludzi coraz mniej -22,4% Sopot
91%
Stare śląskie miasto z Szombierkami i klubem piłkarskim Polonia -22,8% Bytom
73%
Położone na tej samej mierzei, z bunkrami i latarnią morską -33,7% Jastarnia
73%
Miasto nad Wisłą znane z wojskowej uczelni lotniczej -26,3% Dęblin
68%
Od tego miasta odłączono w 2015 kilka miejscowości, m.in. Jastrzębią Górę -36,7% Władysławowo
64%
Być może się tam udusisz, ale przynajmniej odpoczniesz przy klasycznej muzyce w parku zdrojowym. -22,4% Duszniki-Zdrój
27%
Dolnośląskie uzdrowisko w Górach Złotych z ikonicznym zakładem przyrodoleczniczym „Wojciech” -22,7% Lądek-Zdrój
23%
Miejsce urodzin Zbigniewa Stonogi niedaleko Jeziora Turawskiego -22,2% Ozimek
18%
Nie znaleziono quizów pasujących do podanych kryteriów
Rozkład punktacji
Procent ludzi z każdym wynikiem
Percentyl według liczby udzielonych odpowiedzi
Twoja historia wyników
Nie rozwiązałeś tego quizu